La prueba electrónica en el proceso laboral / (Registro nro. 6388)
[ vista simple ]
| 000 -LEADER | |
|---|---|
| fixed length control field | 02020nab a22002657a 4500 |
| 003 - CONTROL NUMBER IDENTIFIER | |
| control field | OSt |
| 005 - DATE AND TIME OF LATEST TRANSACTION | |
| control field | 20260201161315.0 |
| 008 - FIXED-LENGTH DATA ELEMENTS--GENERAL INFORMATION | |
| fixed length control field | 190506c xxu||||| |||| 00| 0 spa d |
| 040 ## - CATALOGING SOURCE | |
| Transcribing agency | PJ |
| 100 ## - MAIN ENTRY--PERSONAL NAME | |
| 9 (RLIN) | 7028 |
| Personal name | Besse, Maricel Mabel |
| 245 13 - TITLE STATEMENT | |
| Title | La prueba electrónica en el proceso laboral / |
| Statement of responsibility, etc | Maricel Mabel Besse. |
| 260 ## - PUBLICATION, DISTRIBUTION, ETC. (IMPRINT) | |
| Place of publication, distribution, etc | Buenos Aires : |
| Name of publisher, distributor, etc | AbeledoPerrot, |
| Date of publication, distribution, etc | 2023. |
| 300 ## - PHYSICAL DESCRIPTION | |
| Extent | p. 7-19 |
| 500 ## - GENERAL NOTE | |
| General note | Cita: TR LALEY AR/DOC/1831/2023 |
| 505 ## - FORMATTED CONTENTS NOTE | |
| Formatted contents note | Sumario: I. Introducción.— II. ¿A qué nos referimos con prueba electrónica?— III. Herramientas de prueba en la ley 11.653.— IV. La investigación forense del perito informático.— V. La investigación forense del abogado.— VI. Sistemas vigentes para validar archivos en el proceso.— VII. Procedimiento para validar correos electrónicos.— VIII. Procedimiento para validar mensajes de texto.— IX. Presunciones.— X. ¿Cómo se configura la presunción en un documento electrónico?— XI. Estrategia procesal.— XII. Agregación y ofrecimiento de los medios de prueba.— XIII. Particularidades de algunos tipos de prueba digital.— XIV. Incidencia de la prueba electrónica dentro de un conflicto laboral.— XV. Facultades del empleador y su uso de las herramientas tecnológicas.— XVI. Uso de dispositivos de video-vigilancia en el lugar de trabajo.— XVII. Grabaciones reproducidas por los trabajadores en redes sociales.— XVIII. Rastreo de los trabajadores por geolocalización.— XIX. Conclusión.— XX. Bibliografía. |
| 505 ## - FORMATTED CONTENTS NOTE | |
| Title | ¿Te interesa el texto completo? Comunicate al correo: koha@justierradelfuego.gov.ar |
| 650 #0 - SUBJECT ADDED ENTRY--TOPICAL TERM | |
| 9 (RLIN) | 1316 |
| Topical term or geographic name as entry element | DERECHO LABORAL |
| 650 #0 - SUBJECT ADDED ENTRY--TOPICAL TERM | |
| 9 (RLIN) | 1323 |
| Topical term or geographic name as entry element | CONTRATO DE TRABAJO |
| 650 #0 - SUBJECT ADDED ENTRY--TOPICAL TERM | |
| 9 (RLIN) | 1383 |
| Topical term or geographic name as entry element | LEY DE CONTRATO DE TRABAJO |
| 650 #0 - SUBJECT ADDED ENTRY--TOPICAL TERM | |
| 9 (RLIN) | 1975 |
| Topical term or geographic name as entry element | PRUEBA |
| 650 #0 - SUBJECT ADDED ENTRY--TOPICAL TERM | |
| 9 (RLIN) | 1977 |
| Topical term or geographic name as entry element | APRECIACION DE LA PRUEBA |
| 650 #0 - SUBJECT ADDED ENTRY--TOPICAL TERM | |
| 9 (RLIN) | 3404 |
| Topical term or geographic name as entry element | MEDIOS DE PRUEBA ELECTRÓNICOS |
| 773 0# - HOST ITEM ENTRY | |
| Host Biblionumber | 2751 |
| Host Itemnumber | 3202 |
| Place, publisher, and date of publication | Buenos Aires : AbeledoPerrot, 2013- |
| Title | Revista de derecho laboral y seguridad social. Nº 18 - Septiembre 2023 |
| 942 ## - ADDED ENTRY ELEMENTS (KOHA) | |
| Source of classification or shelving scheme | |
| Koha item type | Analítica Artículo de Revista |
No hay ítems disponibles.
